Anatomie et médecine par lettre - G - Statistiques

Statistiques générales
  • Ce quiz a été pris 545 fois
  • Le résultat moyen est 13 sur 18
Statistiques - réponses
Hint Réponse % Correct
Articulation reliant la cuisse et la jambe Genou
94%
Ils peuvent être rouges ou blancs dans le sang Globules
93%
Médecin s'occupant des pathologies spécifiques des femmes Gynécologue
89%
Compose les chromosomes, permet l'hérédité Gène
84%
Structure qui permet la sécrétion, par exemple de sueur Glande
83%
Permet de remplacer un organe par celui d'une autre personne Greffe
83%
Mesure du sucre dans le sang Glycémie
80%
Nom regroupant les sucres lents et rapides Glucide
79%
Technique utilisée pour stopper le flux sanguin d'un membre en comprimant un vaisseau, notamment en cas d'hémorragie Garrot
78%
Spécialité médicale traitant des pathologies de la personne âgée Gériatrie
76%
Muqueuse recouvrant la base des dents Gencives
72%
Cellule reproductrice, mâle ou femelle Gamète
70%
Tout ce qui touche à l'estomac Gastrique
70%
Maladie cutanée parasitaire très contagieuse, entraînant un prurit Gale
58%
Organe sexuel comprenant les cellules reproductrices Gonade
56%
Augmentation pathologique de la pression de l'oeil Glaucome
34%
Maladie articulaire évoluant par crise Goutte
30%
Structure formant le réseau capillaire du néphron Glomérule
29%
Aucun quiz correspondant
Distribution des résultats
% des personnes avec chaque résultat
Percentile par nombre de réponses
Votre historique - résultats
Vous n’avez pas pris ce quiz